| 000 | 00395nam a22001457a 4500 | ||
|---|---|---|---|
| 005 | 20150515110205.0 | ||
| 008 | 150515b xxu||||| |||| 00| 0 eng d | ||
| 037 | _bDPL./PUB | ||
| 245 | _aEyeview | ||
| 260 |
_aNew Delhi _bManohar D.Banerjee |
||
| 300 |
_av. _c27cm |
||
| 310 | _aQuarterly | ||
| 270 |
_a286 , DDA SFS Flats,Sector 22,Pkt-I, Dwarka, _bNew Delhi _e110077 |
||
| 942 |
_2ddc _cSR _s1 _mEYE |
||
| 999 |
_c93624 _d93624 |
||